Voz de locura

Gorde:
Xehetasun bibliografikoak
Egile nagusia: Madrid Sielfeld, Sergio (autor)
Formatua: Liburua
Hizkuntza:gaztelania
Argitaratua: Viña del Mar Altazor 1988
Saila:Serie divergente altazor
Gaiak:
Etiketak: Etiketa erantsi
Etiketarik gabe, Izan zaitez lehena erregistro honi etiketa jartzen!

MARC

LEADER 00000nam a2200000 a 4500
001 UCY3872
003 CL-VaPUC
008 950119e19880000CL |||||||||||||||||spa|d
082 0 4 |a Ch861  |b MAD  |2 21 
100 |a Madrid Sielfeld, Sergio  |e autor  |9 523709 
245 1 0 |a Voz de locura 
300 |a 31 p 
942 |c BK 
945 |d 19950119 00:00:00  |a oaravena 
260 |a Viña del Mar  |b Altazor  |c 1988 
650 0 |a Poesías chilenas   |9 265280 
583 |a last modification  |c 19950119 00:00:00  |k Rodrigo Vera 
490 0 |a Serie divergente altazor 
999 |c 231912  |d 231910 
952 |0 0  |1 0  |4 0  |6 CH_861_000000000000000_MAD_1988  |7 0  |8 A  |9 235732  |a BIBART  |b BIBART  |d 2019-11-15  |i 3054713  |o Ch861 MAD 1988  |p 3054713  |r 2025-03-13  |w 2019-11-15  |y BK  |k ART 
952 |0 0  |1 0  |4 0  |6 CH_861_000000000000000_MAD_1988  |7 0  |8 A  |9 235733  |a BIBART  |b BIBART  |d 2019-11-15  |i 371425K  |l 1  |o Ch861 MAD 1988  |p 371425K  |r 2025-03-13  |s 2023-06-29  |w 2019-11-15  |y BK  |k ART